Διδακτική της λογοτεχνίας : αντικρίζοντας το νέο αναλυτικό πρόγραμμα : πρακτικά επιστημονικού συνεδρίου (6-7 Μαϊου 2011)

Αποθηκεύτηκε σε:
Λεπτομέρειες βιβλιογραφικής εγγραφής
Συλλογικό Έργο: Πανεπιστήμιο Λευκωσίας, Παιδαγωγικό Ινστιτούτο Κύπρου, Υπουργείο Παιδείας και Πολιτισμού
Άλλοι συγγραφείς: Ροδοσθένους-Μπαλάφα, Μαρίνα (edtf), Μύαρης, Γιώργος Κ. (Επιμελητής έκδοσης)
Μορφή: Βιβλίο
Γλώσσα:Greek
Δημοσίευση: Λευκωσία : Υπουργείο Παιδείας και Πολιτισμού, 2012.
Θέματα:
Ετικέτες: Προσθήκη ετικέτας
Δεν υπάρχουν, Καταχωρήστε ετικέτα πρώτοι!

MARC

LEADER 00000cam a2200000 i 4500
001 1/38570
008 131121s2012 gr ||| | gre||
020 |a 9789963045938 
035 |l 10116043 
040 |a GR-MY-UA  |b gre  |e aacr 
041 0 |a gre 
082 0 |a 807   |2 (22) 
110 2 |a Πανεπιστήμιο Λευκωσίας. 
245 1 0 |a Διδακτική της λογοτεχνίας :   |b αντικρίζοντας το νέο αναλυτικό πρόγραμμα : πρακτικά επιστημονικού συνεδρίου (6-7 Μαϊου 2011) /   |c Υπουργείο Παιδείας και Πολιτισμού ; Παιδαγωγικό Ινστιτούτο Κύπρου ; Πανεπιστήμιο Λευκωσίας ; επιμέλεια: Μαρίνα Ροδοσθένους-Μπαλάφα, Γιώργος Κ. Μύαρης. 
260 |a Λευκωσία :   |b Υπουργείο Παιδείας και Πολιτισμού,   |c 2012. 
300 |a 152 σ.;   |b φωτ., πίν, σχεδ.;   |c 24 εκ. 
504 |a Περιλαμβάνει βιβλιογραφικές παραπομπές. 
650 0 0 |a Literature  |x Study and teaching (Secondary) 
650 0 0 |a Education  |x Curricula  |z Cyprus. 
650 0 0 |a Education, Secondary  |x Aims and objectives  |z Cyprus. 
700 1 |a Ροδοσθένους-Μπαλάφα, Μαρίνα,  |e edtf 
700 1 |a Μύαρης, Γιώργος Κ.  |e edt 
710 2 |a Παιδαγωγικό Ινστιτούτο Κύπρου. 
710 2 |a Υπουργείο Παιδείας και Πολιτισμού. 
852 |a INST  |b RHODES  |e 20131121  |h 807 ΔΙΔ  |p 005400035809  |q 005400035809  |t BK  |y 0 
901 |a BIBL4-2013-3 
909 |a Ρ  |b 182319 
970 |z 2013/11/21